00000000nam##2200000za#4500
0019.571599
003CaOODSP
00520211126112844
007cr |||||||||||
008150406|2002||||xxc|||||o    f|0| 0 eng|d
022 |a1701-9397
040 |aCaOODSP|beng
043 |an-cn---
0861 |aFB3-2/102-19E-PDF
1102 |aBank of Canada.
24510|aEstimates of the sticky-information Phillips curve for the United States, Canada, and the United Kingdom / |h[electronic resource]|cby Hashmat Khan and Zhenhua Zhu.
260 |aOttawa - Ontario : |bBank of Canada |cJuly 2002.
300 |a40p.|breferences, tables
4901 |aBank of Canada working paper|x1701-9397|v2002-19
500 |a"In this paper, we present a methodology for the empirical implementation of the SIPC for closed and open economies."--Abstract.
500 |aThe ISSN (1192-5434) for the print edition has been incorrectly copied in this electronic publication.
546 |aRésumé en français.
590 |a11-19-Supp|b2011-09-23
69007|aEconomic forecasting|2gcpds
69007|aInflation|2gcpds
69007|aModels|2gcpds
7201 |aKhan, Hashmat
7201 |aZhu, Zhenhua
7760#|tEstimates of the sticky-information Phillips curve for the United States, Canada, and the United Kingdom / |w(CaOODSP)9.616029
830#0|aWorking paper (Bank of Canada)|x1701-9397|v2002-19|w(CaOODSP)9.504604
85640|ahttp://publications.gc.ca|qPDF|s340 KB|uhttps://publications.gc.ca/collections/Collection/FB3-2-102-19E.pdf|y2002-19